Zhodnotenie produkcie mlieka pri východofrízskych ovciach za rok 2001

Bibliographic Details
Main Author: Gyarmathy, Egon, 1934-2013 (fot)
Format: Article
Language:Slovak
PhysicalDescription:Fotogr., tab.
ISSN:1335-9932
Subjects:

MARC

LEADER 00000nab a2200000 a 4500
001 vtls000803416
003 SK-MaSNL
005 20260303182417.0
008 180206c2002 xo 0 slo
015 |a SNBRB2002/08-25726 
035 |a CLN000155071 
040 |a SNKBUCL  |b slo  |c SNKBUCL  |e AACR2 
041 0 |a slo 
044 |a xo  |c SK 
080 |a 636.32/.38.034(437.6)  |2 UDC-MRF-SK2 
100 1 |a Gyarmathy, Egon,  |d 1934-2013  |4 fot  |9 112887 
245 1 0 |a Zhodnotenie produkcie mlieka pri východofrízskych ovciach za rok 2001  |c text a foto: Egon Gyarmathy 
300 |b Fotogr., tab. 
650 0 7 |a východofrízska ovca  |2 SNKPH  |9 71260 
650 0 7 |a mlieko  |2 SNKPH  |9 3942 
650 0 7 |a úžitkovosť  |2 SNKPH  |9 266992 
650 0 7 |a plemená oviec  |2 SNKPH  |9 179210 
655 7 |a články z novín a časopisov  |2 snkbucl  |9 267496 
773 0 |x 1335-9932  |t Magazín chovateľa  |g Roč. 1, č. 3 (2002), s. 36 
850 |a Slovenská národná knižnica v Martine 
852 |a SNK  |b KIS3GCP 
958 |a RBX 
999 |c 2116870  |d 2118800